Statistics for Most common surnames in Serbia

Click here to take the quiz!

General Stats

  • This quiz has been taken 181 times
  • The average score is 6 of 20

Answer Stats

IncidenceAnswer% Correct
149800Jovanović
81%
118500Petrović
71%
61400Marković
64%
121300Nikolić
59%
34700Milošević
39%
66400Pavlović
39%
87000Ilić
35%
49900Popović
33%
46900Janković
28%
40800Stanković
27%
51300Stojanović
25%
38600Kostić
21%
89500Đorđević
20%
48800Živković
15%
33500Krstić
14%
39600Cvetković
11%
36600Tomić
11%
39800Ristić
10%
43100Todorović
9%
35800Dimitrijević
8%

Score Distribution

Percentile by Number Answered

Percent of People with Each Score

Your Score History

You have not taken this quiz